000 00484nam a2200169Ia 4500
008 090711s9999 xx 000 0 und d
082 _b1078
100 _aखेडकर सुशीला
245 _aशापित
260 _bऔदुंबर प्रकाशन
_c2000
300 _a217
600 _aखेडकर सुशीला
630 _aशापित
700 _aखेडकर सुशीला
730 _aशापित
942 _cBOOK
999 _c338085
_d338085